شیر دریا / (Record no. 108104)

MARC details
000 -LEADER
fixed length control field 00834nam a22002537a 4500
005 - DATE AND TIME OF LATEST TRANSACTION
control field 20170123162335.0
010 ## - LIBRARY OF CONGRESS CONTROL NUMBER
LC control number A-794612
020 ## - INTERNATIONAL STANDARD BOOK NUMBER
Terms of availability 150.00
035 ## - SYSTEM CONTROL NUMBER
System control number A-794612
037 ## - SOURCE OF ACQUISITION
Source of stock number/acquisition Cen Lib/Ret
040 ## - CATALOGING SOURCE
Original cataloging agency DPL
Language of cataloging UR
082 ## - DEWEY DECIMAL CLASSIFICATION NUMBER
Classification number ک
Item number ع ا ب
100 ## - MAIN ENTRY--PERSONAL NAME
Personal name عابدی، رضا علی
9 (RLIN) 73
245 ## - TITLE STATEMENT
Title شیر دریا /
Statement of responsibility, etc رضا علی عابدی
246 ## - VARYING FORM OF TITLE
Title proper/short title Sher dariya /
Remainder of title by Raza Ali Abidi
260 ## - PUBLICATION, DISTRIBUTION, ETC. (IMPRINT)
Place of publication, distribution, etc دہلی
Name of publisher, distributor, etc ایجوکیشنل پبلشنگ ہاؤس
Date of publication, distribution, etc 1995
270 ## - ADDRESS
City دہلی
Address ٣١٠٨، گلی عزیزددیں وکیل کوچہ پنڈت لال کوان
Postal code 110006
300 ## - PHYSICAL DESCRIPTION
Extent 341p.
Dimensions 21cm(Hb)
650 ## - SUBJECT ADDED ENTRY--TOPICAL TERM
Topical term or geographic name as entry element ادب - اردو
9 (RLIN) 123907
650 ## - SUBJECT ADDED ENTRY--TOPICAL TERM
Topical term or geographic name as entry element اردو کہانیاں
9 (RLIN) 123908
650 ## - SUBJECT ADDED ENTRY--TOPICAL TERM
Topical term or geographic name as entry element Literature -- Urdu
9 (RLIN) 123909
650 ## - SUBJECT ADDED ENTRY--TOPICAL TERM
Topical term or geographic name as entry element Urdu stories
9 (RLIN) 123910
942 ## - ADDED ENTRY ELEMENTS (KOHA)
Source of classification or shelving scheme Dewey Decimal Classification
Koha item type Urdu Bks
Classification part ک
Call number suffix ع ا ب
Holdings
Withdrawn status Lost status Damaged status Not for loan Home library Current library Date acquired Source of acquisition Cost, normal purchase price Total Checkouts Full call number Barcode Date last seen Date checked out Copy number Cost, replacement price Price effective from Koha item type
        Central Library Central Library 14/01/2016 Cen Lib/Ret 150.00 1 ک ع ا ب A-794612 30/10/2017 24/10/2017 1 150.00 14/01/2016 Urdu Bks

© Delhi Public Library
Hit Counter
free hit counter